Digital Fuzzy Logic Controller Design and Implementation (E-Book) (Record no. 191858)
[ view plain ]
| 000 -LEADER | |
|---|---|
| fixed length control field | 00345 a2200133 4500 |
| 003 - CONTROL NUMBER IDENTIFIER | |
| control field | Nust |
| 005 - DATE AND TIME OF LATEST TRANSACTION | |
| control field | 20170207154025.0 |
| 040 ## - CATALOGING SOURCE | |
| Transcribing agency | Nust |
| 100 ## - MAIN ENTRY--PERSONAL NAME | |
| Personal name | Marek J. Patyra , Janos L. |
| 245 ## - TITLE STATEMENT | |
| Title | Digital Fuzzy Logic Controller Design and Implementation (E-Book) |
| Statement of responsibility, etc. | Marek J. Patyra , Janos L. |
| 260 ## - PUBLICATION, DISTRIBUTION, ETC. | |
| Name of publisher, distributor, etc. | IEEE |
| Date of publication, distribution, etc. | 1996 |
| 300 ## - PHYSICAL DESCRIPTION | |
| Extent | 21 P; |
| 651 ## - SUBJECT ADDED ENTRY--GEOGRAPHIC NAME | |
| Geographic name | (E-Book) |
| 942 ## - ADDED ENTRY ELEMENTS (KOHA) | |
| Source of classification or shelving scheme | |
| Koha item type | Book |
| Withdrawn status | Lost status | Source of classification or shelving scheme | Damaged status | Not for loan | Collection code | Permanent Location | Current Location | Date acquired | Total Checkouts | Barcode | Date last seen | Price effective from | Koha item type |
|---|---|---|---|---|---|---|---|---|---|---|---|---|---|
| Military College of Signals (MCS) | Military College of Signals (MCS) | 12/12/2016 | MCSEB-1137 | 12/08/2016 | 12/12/2016 | Book |
